История военных потерь. Войны и народонаселение Европы. Людские потери вооруженных сил Европейских стран в войнах XVII-XX вв.: (историко-статистическое исследование)

Manylion Llyfryddiaeth
Prif Awdur: Урланис Б. Ц. Борис Цезаревич
Crynodeb:На пер. и кор. авт. не указ.
Настоящее издание представляет собой уникальный труд по историко-статистическому анализу народонаселения и людских потерь в войнах в Европе XVII-ХХ вв. Уникальность и научная ценность этого труда состоит в том,что на основании глубокого анализа не только огромного количества источников и исследований, содержащих данные о потерях,но и анализа самих методов исследования военных потерь автору удалось ближе всех подойти к истинному положению вещей.
Iaith:Rwseg
Cyhoeddwyd: СПб., Полигон, 1998
Cyfres:Военно-историческая библиотека
Pynciau:
Fformat: Llyfr
KOHA link:https://koha.lib.tpu.ru/cgi-bin/koha/opac-detail.pl?biblionumber=24898

MARC

LEADER 00000nam0a2200000 4500
001 24898
005 20231101205633.0
010 |a 5891730286 
035 |a (RuTPU)RU\TPU\book\25130 
035 |a BOOK00025203 
090 |a 24898 
100 |a 20011209d1998 km y0rusy50 ca 
101 0 |a rus 
102 |a RU 
105 |a a z 001zy 
200 1 |a История военных потерь. Войны и народонаселение Европы. Людские потери вооруженных сил Европейских стран в войнах XVII-XX вв.   |e (историко-статистическое исследование)  |f Б. Ц. Урланис 
210 |a СПб.  |c Полигон  |d 1998 
215 |a 558 с.  |c ил. 
225 1 |a Военно-историческая библиотека 
300 |a На пер. и кор. авт. не указ. 
320 |a Библиогр.: с. 530-548. 
320 |a Указ.: с. 549-558. 
330 |a Настоящее издание представляет собой уникальный труд по историко-статистическому анализу народонаселения и людских потерь в войнах в Европе XVII-ХХ вв. Уникальность и научная ценность этого труда состоит в том,что на основании глубокого анализа не только огромного количества источников и исследований, содержащих данные о потерях,но и анализа самих методов исследования военных потерь автору удалось ближе всех подойти к истинному положению вещей. 
606 |a Войны  |x (история)  |2 stltpush  |3 (RuTPU)RU\TPU\subj\58887  |9 76581 
606 |a Военная история  |2 stltpush  |3 (RuTPU)RU\TPU\subj\3234  |9 31683 
610 1 |a история 
610 1 |a Всемирная история 
610 1 |a население 
610 1 |a людские потери 
610 1 |a Европа 
610 1 |a 17 век 
610 1 |a 18 век 
610 1 |a 19 век 
610 1 |a 20 век 
610 1 |a статистика 
686 |a Т3(0)-6  |v LBC/SL-A  |2 rubbk 
686 |a Ц3  |v LBC/SL-A  |2 rubbk 
700 1 |a Урланис  |b Б. Ц.  |g Борис Цезаревич 
801 0 |a RU  |b 63413507  |c 20011209  |g PSBO 
801 2 |a RU  |b 63413507  |c 20190902  |g PSBO 
942 |c BK